000
00282nam a2200109Ia 4500
005
20251222144704.0
008
251222s9999||||xx |||||||||||||| ||spa||
082
_a
610.736.98 L22
245
0
_a
Manifestaciones Neurológicas del Cáncer Sistémico
264
_b
CONCYTEC
942
_c
LIB
999
_c
17574
_d
17574